000 00671cam a2200217a 44500
003 OSt
005 20150408113744.0
008 030316n19uu ua g 00000 ara dd
040 _aSA-RiAUC
_bara
_cSA-RiAUC
041 _aعربي
072 _a071
_xالشعر العربي
082 0 4 _a811.4 خ ى ف
092 _a811.4
_bخ ى ف
100 1 _aخليف، يوسف.
_92281
245 1 0 _aفي الشعر العباسي
_bنحو منهج جديد /
_cيوسف خليف.
260 _aالقاهرة
_bمكتبة غريب،
_c[19--].
300 _c24 سم. 7
650 _xتاريخ ونقد
_2aucsh. 7
650 _yالعصر العباسي
_2aucsh.\\
942 _2ddc
_cBOOK
999 _c3216
_d237716